| 000 | 00567nam a2200193 i 4500 | ||
|---|---|---|---|
| 001 | 84919 | ||
| 003 | ES-MaACL | ||
| 005 | 20250822100419.0 | ||
| 007 | t| | ||
| 008 | 041124s1959 sp ||||1| spa d | ||
| 100 | 1 |
_aJerome, Jerome K. _966340 |
|
| 245 | 1 | 0 |
_aDivagaciones sobre los bebes / _cJerome Klapha Jerome. |
| 260 |
_aBarcelona : _bG.P., _c[1959] |
||
| 300 |
_a127 p. ; _c17 cm. |
||
| 490 | 1 | _aLibros de humor "El Gorrión" | |
| 830 | 0 | 0 |
_aLibros de humor "El Gorrión" _9181844 |
| 852 |
_aES-MaACL _jC-17188 _bR.45278 |
||
| 999 |
_c84919 _d84919 |
||